00616nam a2200169Ia 4500999001500000020001800015082002100033100002500054245009600079260003700175300001200212650001200224650001400236650003200250942000700282952015700289 c8757d8757 a9788131607916 a320.840954 GUP-; aGupta, Madhav Prasad 0aMANREGA, panchayati raj evam janjatiya vikas: janjatiya chhetron mein sahbhagita ka swaroop aJaipurbRawat Publicationsc2016 ax, 236p aMANREGA aPANCHAYAT aTRIBAL DEVELOPMENT - UJJAIN cBK 00104070aNASSDOCbNASSDOCd2016-08-18eGifted by : PRS Division of ICSSRi2016-03-15l0o320.840954 GUP-;p49030r2019-04-18 00:00:00w2019-04-18yBK